| 000 | 00470ntaaa2200181 4500 | ||
|---|---|---|---|
| 003 | 01 | ||
| 005 | 20251027202759.0 | ||
| 008 | 0714s1973 ag 01 | ||
| 040 |
_aAR-BaBN _bspa _cAR-BaBN _eaacr _dRIC |
||
| 082 | _a822.3300 S527 | ||
| 100 | _aShakespeare, William | ||
| 245 | _aThe complete works of William Shakespeare | ||
| 250 | _a1 ed. | ||
| 260 |
_aChicago : _bW.B. Conkey Company, _c1897 |
||
| 300 | _a3 tomos | ||
| 650 |
_aliteratura inglesa _926061 |
||
| 942 | _cBK | ||
| 999 |
_c23137 _d23137 |
||